Personnage mystère #42 - Statistiques

Statistiques générales
  • Ce quiz a été pris 169 fois
  • Le résultat moyen est 3 sur 7
Statistiques - réponses
Lettres Indices % Correct
CHÉMANT Méchant
99%
NILETG Gentil
72%
BOUDEL Double
61%
NOLERDS Londres
36%
CURTODE Docteur
32%
NILÉSANPEROT Personnalité
21%
Nom du personnage Dr. Jekyll et M. Hyde
19%
Aucun quiz correspondant
Distribution des résultats
% des personnes avec chaque résultat
Percentile par nombre de réponses
Votre historique - résultats
Vous n’avez pas pris ce quiz